01171nam a2200277 a 45000010005000000030008000050050017000130080041000300350027000710400031000980410008001290820023001370900021001601000057001812450188002382600042004263000025004685040048004936500054005416500035005956500052006308300041006829420012007239990015007359520143007503424BD-RjUL20211208233729.0131219r19661915enk 00| 0 eng d a07-845a(BD-RjUL) 3458 aTOLbengcBD-RjULdBD-RjUL aeng a332.0942bPOE 1966 aHG2986b.P7 19661 aPowell, Ellis T.q(Ellis Thomas),d1869-1922.91075114aThe evolution of the money market, 1385-1915 :ban historical and analytical study of the rise and development of finance as a centralised, co-ordinated force /c[by] Ellis T. Powell. aLondon :b frank Cass & co ltdc1966. axv, 782 p. ;c23 cm. aincludes index and Bibliographical footnote 0aBanks and bankingzGreat BritainxHistory.910205 0aFinancezGreat Britain.910752 0aStock exchangeszGreat BritainxHistory.910753 0aReprints of economic classics910755 2ddccBK c3424d3424 00102ddc40718NFICaRUCLbRUCLcReadingd1968-06-13eZeitlingerg100.00l0o332.0942 POE 1966r2013-12-19 00:00:00tC-1w2021-12-08yBK